000 00973nam0a2200313 i 4500
001 RU\NLR\BIBL_A\010848594
005 20240725014711.0
010 _a9785317050061
_9100
021 _aRU
_b2015-61470
_93653
035 _a(NILC)RuMoRGB-007996712
035 _a(NLR Aleph) 010848594
090 _a10365036
_c10365036
100 _a20150928d2015 m y0rusy50 ca
101 0 _arus
102 _aRU
105 _aac z 000gy
200 1 _aСтихи разных лет
_fН. В. Лукьянович
205 _aИзд. 2-е, доп.
210 _aМосква
_cМАКС Пресс
_d2015
215 _a43 с., [4] л. ил., цв. ил., портр.
_d19
675 _a821.161.1
686 2 _aШ6(2=Р)8-5
700 1 _aЛукьянович
_bН. В.
_gНиколай Васильевич
801 0 _aRU
_bРГБ
_c20150813
_gRCR
942 _cBOOK
980 _aNBR